Research and Development Funding : Fiscal Year 2002.

Reviews FY2002 funding for R&D programs of various Federal agencies. Includes tables.

Bibliographic Details
Corporate Authors: Library of Congress. Congressional Research Service, ProQuest (Firm)
Format: eBook
Language:English
Published: [Place of publication not identified] : [publisher not identified], 2001.
Series:U.S. Congressional Research.
Subjects:
Online Access:Connect to the full text of this electronic book

MARC

Tag First Indicator Second Indicator Subfields
LEADER 00000cam a22000001a 4500
001 in00003372008
006 m d f
007 cr bn mmmapmmp
008 100727s2001 dcu o f000 0 eng d
005 20260501142150.8
035 |a cis2007897806 
040 |a ProQuest  |c ProQuest  |d UtOrBLW 
043 |a n-us--- 
099 |a CRS-2001-RSI-0373 
110 2 |a Library of Congress.  |b Congressional Research Service. 
245 1 0 |a Research and Development Funding :  |b Fiscal Year 2002. 
264 1 |a [Place of publication not identified] :  |b [publisher not identified],  |c 2001. 
300 |a 1 online resource. 
336 |a text  |b txt  |2 rdacontent 
337 |a computer  |b c  |2 rdamedia 
338 |a online resource  |b cr  |2 rdacarrier 
500 |a Record is based on bibliographic data in ProQuest U.S. Congressional Research Digital Collection (last viewed July 2010). Reuse except for individual research requires license from ProQuest, LLC. 
500 |a CRS Report. 
520 |a Reviews FY2002 funding for R&D programs of various Federal agencies. Includes tables. 
500 |a Electronic resource. 
650 0 |a Administrative agencies. 
650 0 |a Research. 
650 0 |a Statistics. 
655 7 |a Electronic books.  |2 local 
710 2 |a ProQuest (Firm) 
776 0 8 |i Microfiche version:   |a Library of Congress. Congressional Research Service.  |t Research and Development Funding 
830 0 |a U.S. Congressional Research. 
856 4 0 |u http://proxy.library.tamu.edu/login?url=https://congressional.proquest.com/congcomp/getdoc?CRDC-ID=CRS-2001-RSI-0373  |z Connect to the full text of this electronic book  |t 0 
999 |a MARS 
999 f f |s 163eded4-056c-340c-94b0-64e9536a0ffc  |i ec211eab-dd43-3b71-8567-9b85b1bc2a41  |t 0 
952 f f |a Texas A&M University  |b College Station  |c Electronic Resources  |s www_evans  |d Available Online  |t 0  |e CRS-2001-RSI-0373  |h Other scheme 
998 f f |a CRS-2001-RSI-0373  |t 0  |l Available Online